Ensayo de un catálogo biográfico de escritores de la provincia y diócesis de Córdoba, con descripción de sus obras / (Record no. 123879)

MARC details
000 -LEADER
campo de control de longitud fija 00770nam a2200181 i 4500
001 - NÚMERO DE CONTROL
campo de control 123879
003 - IDENTIFICADOR DE NÚMERO DE CONTROL
campo de control ES-MaACL
005 - FECHA Y HORA DE LA ÚLTIMA TRANSACCIÓN
campo de control 20251014063201.0
007 - CAMPO FIJO DE DESCRIPCIÓN FÍSICA--INFORMACIÓN GENERAL
campo de control de longitud fija t|
008 - DATOS DE LONGITUD FIJA--INFORMACIÓN GENERAL
campo de control de longitud fija 070214m19211922sp r ||||1| spa d
100 1# - ENTRADA PRINCIPAL--NOMBRE DE PERSONA
Nombre de persona Ramírez de Arellano y Díaz de Morales, Rafael,
Fechas asociadas al nombre 1854-1921
9 (RLIN) 95134
245 10 - MENCIÓN DEL TÍTULO
Título Ensayo de un catálogo biográfico de escritores de la provincia y diócesis de Córdoba, con descripción de sus obras /
Mención de responsabilidad, etc. por Rafael Ramírez de Arellano y Díaz de Morales.
260 ## - PUBLICACIÓN, DISTRIBUCIÓN, ETC.
Lugar de publicación, distribución, etc. Madrid :
Nombre del editor, distribuidor, etc. [s. n.],
Fecha de publicación, distribución, etc. 1921-22 (
Fabricante Tip. de la Revista de Archivos, Bibliotecas y Museos)
300 ## - DESCRIPCIÓN FÍSICA
Extensión 2 v. ;
Dimensiones 29 cm.
650 #4 - PUNTO DE ACCESO ADICIONAL DE MATERIA--TÉRMINO DE MATERIA
Término de materia o nombre geográfico como elemento de entrada Escritores españoles-
Subdivisión geográfica Córdoba (Provincia)-
Subdivisión de forma Biobibliografías.
9 (RLIN) 159382
852 ## - LOCALIZACIÓN
Ubicación ES-MaACL
Número de control de estantería B-4291-92
Holdings
Estatus retirado Estado de pérdida Estado de daño No para préstamo Biblioteca de origen Biblioteca actual Ubicación en estantería Fecha de adquisición Fuente de adquisición Total de préstamos Signatura topográfica completa Código de barras Visto por última vez Precio de reemplazo Tipo de ítem Koha
        Biblioteca del Ateneo de Madrid Biblioteca del Ateneo de Madrid Sala Pardo Bazán 17/01/2008     B-4291-92 1129064 23/02/2023 23/02/2023 Libro impreso